Hunan Province Quiz - Statistics

General Stats
  • This quiz has been taken 49 times
  • The average score is 7 of 10
Answer Stats
Hint Answer % Correct
Capital city {Chang}sha
100%
"Hu" means lake (Dongting in this case). What does Hunan mean? {South} of the Lake
88%
This paramount leader of China was born in Shaoshan in 1893 Mao Zedong
84%
Major river Yangtze
84%
An army raised in Henan ended this civil war in 1864 - the bloodiest in the history of mankind Taiping Rebellion
75%
Hunan belonged to the powerful state of Chu until this later emperor (China's first) conquered it Qin Shi Huang
72%
Pepper originally from Mexico that is popular in Hunan's cuisine Chili
66%
The largest South Chinese temple is located at Hengshan. What is Hengshan? One of the Five Sacred {Mountains} of China
59%
Hunan's climate is this, according to the Köppen classification Subtropical
44%
Changde has a quarter that copies this North German city Hanover
41%
No matching quizzes found
Score Distribution
Percent of People with Each Score
Percentile by Number Answered
Your Score History
You have not taken this quiz